Alle Hauptstädte Nordamerikas (alphabetisch) - Statistiken

Allgemein
  • Dieses Quiz wurde 18 mal gespielt
  • Das Durchschnittsergebnis liegt bei 19 aus 23
Antwortstatistiken
Hauptstadt % Korrekt
Belmopan
100%
Kingston
100%
Roseau
100%
Tegucigalpa
100%
Washington, D.C.
100%
Kingstown
89%
Mexiko-Stadt
89%
Panama-Stadt
89%
Port-au-Prince
89%
Basseterre
78%
Bridgetown
78%
Castries
78%
Havanna
78%
Managua
78%
Nassau
78%
Port of Spain
78%
San Salvador
78%
St. George’s
78%
Guatemala-Stadt
67%
Ottawa
67%
Saint John’s
67%
San José
67%
Santo Domingo
67%
Keine übereinstimmenden Quizze gefunden
Verteilung der Resultate
Anzahl Personen mit jedem Resultat
Perzentil nach korrekt beantworteten Fragen
Ihre Resultats-Entwicklung
Sie haben dieses Quiz noch nicht gespielt